10 najbardziej północnych krajów każdego kontynentu - Statystyki

Ogólne statystyki
  • Ten quiz został rozwiązany 70 razy
  • Średni wynik to 48 z 60
Statystyki odpowiedzi
Numer na kontynencie Państwo % Poprawnych
5. Finlandia
100%
3. Rosja
100%
1. Rosja
100%
6. Szwecja
100%
4. Islandia
98%
1. Kanada
98%
2. Norwegia
98%
7. Wielka Brytania
98%
2. USA
97%
9. Estonia
95%
8. Irlandia
95%
2. Kazachstan
95%
3. Meksyk
95%
10. Łotwa
92%
5. Mongolia
92%
3. Chiny
90%
5. Egipt
90%
2. Algieria
89%
3. Maroko
89%
6. Korea Północna
87%
1. Tunezja
87%
8. Australia
85%
4. Japonia
85%
1. Kolumbia
85%
5. Brazylia
84%
2. Wenezuela
84%
9. Chile
82%
6. Ekwador
82%
5. Kuba
82%
8. Boliwia
80%
3. Gujana
80%
10. Paragwaj
80%
7. Peru
80%
7. Dominikana
79%
4. Libia
79%
8. Sudan
79%
4. Surinam
79%
7. Uzbekistan
77%
4. Bahamy
75%
6. Haiti
75%
8. Kirgistan
75%
8. Jamajka
72%
9. Niger
70%
10. Czad
69%
9. Gruzja
69%
10. Gwatemala
69%
6. Mauretania
69%
3. Palau
69%
10. Turkmenistan
67%
9. Belize
66%
7. Mali
66%
5. Papua Nowa Gwinea
66%
4. Kiribati
64%
2. Mikronezja
64%
7. Tonga
62%
10. Vanuatu
57%
1. Wyspy Marshalla
57%
6. Wyspy Salomona
57%
9. Samoa
54%
1. Dania (Grenlandia)
7%
Nie znaleziono quizów pasujących do podanych kryteriów
Rozkład punktacji
Procent ludzi z każdym wynikiem
Percentyl według liczby udzielonych odpowiedzi
Twoja historia wyników
Nie rozwiązałeś tego quizu